| 000 | 00383nam a2200145Ia 4500 | ||
|---|---|---|---|
| 005 | 20250729165349.0 | ||
| 008 | 250729s2005 xx 000 0 und d | ||
| 041 | _aeng | ||
| 082 | _a371.2 RATT | ||
| 100 |
_aRath Shashibhushan _9221920 |
||
| 245 | _aThoughts on Management | ||
| 260 |
_aNew Delhi _bDiscovery Publishing House _c2005 |
||
| 300 | _a296p | ||
| 650 |
_aEducation _9221921 |
||
| 999 |
_c235228 _d235228 |
||